| 000 | 00694nam a2200241Ia 4500 | ||
|---|---|---|---|
| 003 | OSt | ||
| 005 | 20220924114924.0 | ||
| 006 | a|||||r|||| 00| 0 | ||
| 007 | ta | ||
| 008 | 220923b |||||||| |||| 00| 0 ben d | ||
| 024 | _a298339 | ||
| 037 | _cTextual | ||
| 040 |
_aARTS _cARTS _bben |
||
| 041 |
_2ben _aben |
||
| 082 | _aO157(Y:351),1:g, M4 | ||
| 100 |
_aPaul Amar Ed. _9176092 |
||
| 245 | 0 | _aBanglar loka sangeet | |
| 260 |
_aCalcutta _bAcademy of folklore India _c1984 |
||
| 650 | _aBENGALI LITERATURE | ||
| 700 |
_a Chaudhury Dulal Ed. _9176093 |
||
| 942 |
_hO157(Y:351),1:g, M4 _cTEXL _2CC |
||
| 999 |
_c395994 _d395994 |
||